Trade marketing strategies : the partnership between manufacturers, brands and retailers..

Bibliographic Details
Main Author: Randall
Format: Book
Published: Oxford: Butterworth-Heinemann, 1994.
Edition:2nd ed..
Subjects:
LEADER 00504cam a2200169 7i4500
001 0000004147
005 19991025090000.0
002 ##000005597
020 0 0 |a 0-7506-2012-9  
090 0 0 |a B 658.8   |b RAN 
100 1 0 |a Randall  
245 0 0 |a Trade marketing strategies :   |b the partnership between manufacturers, brands and retailers.. 
250 0 0 |a 2nd ed.. 
260 0 0 |a Oxford:   |b Butterworth-Heinemann,   |c 1994. 
300 0 0 |a 183 p.. 
650 0 0 |a Marketing  
999 |a 0000006357  |b Book  |c Open shelf  |e Business Information Centre